000 00643nam a22002057a 4500
005 20140415124050.0
010 _aENG-109368
020 _a9788178003085
_c225.00
035 _aEN-92901
037 _bDBAD/PUB
082 _a158.1
100 _aRao, M.S.
245 _aSoar like eagles :
_cby M.S. Rao [and] M. Ganesh Sai; foreworded by John H. Zenger
_bsuccess tools for freshers /
250 _a
260 _aHyderabad
_bBS Publications
_c2014
270 _a4-4-309, Giriraj Lane, Sultan Bazar
_bHyderabad
_e500095
300 _axxxiii,138p.
_c22cm(pbk)
700 _aSai, M. Ganesh
942 _2ddc
_cEN
_mRAO
_h158.1
999 _c82664
_d82664